| LEADER 00000nam 2200000uu 4500 |
| 001 13399114010 |
| 003 ULIBM |
| 008 130305s2555||||th 000 0 tha d |
| 020 ^a9786160813445
|
| 082 ^a005 ^bท428ค
|
| 100 ^aทรงศักดิ์ ลิ้มสิริสันติกุล.
|
| 245 ^aคู่มือใช้งาน Galaxy Note 2 ฉบับสมบูรณ์ /^cโดย ทรงศักดิ์ ลิ้มสิริสันติกุล.
|
| 250 ^aพิมพ์ครั้งที่ 1.
|
| 260 ^aกรุงเทพฯ :^bซีเอ็ดยูเคชั่น,^c2555
|
| 300 ^a456หน้า :^bภาพประกอบ ;^c19ซม.
|
| 650 ^aโทรศัพท์เคลื่อนที่.
|
| 650 0 ^aระบบสื่อสารเครื่อนที่.
|
| 650 0 ^aระบบสื่อสารไร้สาย.
|
| 945 ^p219^l0^i40335
|
| 999 ^aกนกวรรณ
|
หนังสือดีน่าอ่าน

“ดั่งดวงแก้ว ส่องสว่าง ทางสายงาม”
จัดทำขึ้นเพื่อเฉลิมพระเกียรติ สมเด็จพระเทพรัตนราชสุดา ฯ สยามบรมราชกุมารี
เนื่องในโอกาสมหามงคลเฉลิมพระชนมพรรษา ๕ รอบ ๒ เมษายน ๒๕๕๘
โดยหนังสือเล่มนี้ได้รวบรวม ๖๐ พระอัจฉริยภาพของสมเด็จพระเทพ ฯ
ผู้อ่านจะได้รับแรงบันดาลใจให้พากเพียรเรียนรู้และขยันอดทนทำการงาน
ตามรอยเบื้องพระยุคลบาท เพราะพระองค์ทรงเป็นแบบอย่างอันดีเยี่ยมในทุกด้าน
ทั้งในความใฝ่รู้ใฝ่เรียน คุณธรรมจริยธรรม พระวิริยอุตสาหะในการทรงงาน
และอื่นๆอีกมากมาย ล้วนสามารถสร้างแรงบันดาลใจให้แก่เด็กและเยาวชน
อีกทั้งประชาชนทั่วไป ให้พากเพียรเรียนรู้และขยันอดทนทำการงานตามรอยพระยุคลบาท
เพื่อฝึกฝนตนเองให้เป็นคนดีคนเก่งของครอบครัวและสังคมต่อไป